Suite guerriere : [recits] /

Bibliographic Details
Main Author: Chamson, André, 1900-1983
Format: Book
Language:French
Published: [Paris] : Plon, [1975]
Subjects:

MARC

Tag First Indicator Second Indicator Subfields
LEADER 00000cam a2200000 i 4500
001 in00000373421
005 20151011082900.0
008 760618s1975 fr 00011 fre
010 |a  76460137  
015 |a F*** 
035 |a (OCoLC)02374176 
035 |9 ABQ1549AM 
040 |a DLC  |c DLC  |d TXA  |d UtOrBLW 
049 |a TXAM  |c [1536935] 
050 0 0 |a PQ2605.H327  |b A15 1975 
082 0 |a 843/.9/12 
100 1 |a Chamson, André,  |d 1900-1983. 
245 1 0 |a Suite guerriere :  |b [recits] /  |c Andre Chamson. 
264 1 |a [Paris] :  |b Plon,  |c [1975] 
264 4 |c ©1975 
300 |a 282 pages ;  |c 21 cm. 
336 |a text  |b txt  |2 rdacontent 
337 |a unmediated  |b n  |2 rdamedia 
338 |a volume  |b nc  |2 rdacarrier 
505 0 |a Ecrit en 1940.--Le dernier village.--Le puits des miracles. 
650 0 |a World War, 1939-1945  |v Fiction. 
999 |a MARS 
999 f f |s 1feee6b6-4937-3ec7-9605-9279d5f935fb  |i 470c11e8-0a48-3eeb-be3a-76c20784902d  |t 0 
952 f f |p ric  |a Texas A&M University  |b Rellis Campus  |c Joint Library Facility  |d Remote Storage  |t 0  |e PQ2605.H327 A15 1975  |h Library of Congress classification  |i unmediated -- volume  |m A14803778073 
998 f f |a PQ2605.H327 A15 1975  |t 0  |l Remote Storage